[Event "SWE-chB"]
[Site "Sunne"]
[Date "2015.07.13"]
[Round "3"]
[White "Lundin, Jan"]
[Black "Olund, Joar"]
[Result "1/2-1/2"]
[WhiteElo "2245"]
[BlackElo "2328"]
[PlyCount "81"]
[EventDate "2015.07.11"]
[EventType "tourn"]
[EventRounds "9"]
[EventCountry "SWE"]
[EventCategory "3"]
[SourceTitle "CBM 167 Extra"]
[Source "ChessBase"]
[SourceDate "2015.09.14"]
[SourceVersion "1"]
[SourceVersionDate "2015.09.14"]
[SourceQuality "1"]
1. e4 c6 2. d4 d5 3. exd5 cxd5 4. c4 Nf6 5. Nc3 Nc6 6. h3 g6 7. c5 Bg7 8. Bb5
Bd7 9. Nge2 O-O 10. O-O b6 11. Bxc6 Bxc6 12. b4 bxc5 13. bxc5 Ne4 14. Be3 Nxc3
15. Nxc3 e5 16. Qd2 Rb8 17. Rab1 Qe7 18. Rfd1 Rxb1 19. Rxb1 f5 20. f4 e4 21.
Rb4 Qd7 22. Qb2 Bh6 23. Ne2 Qc7 24. Qb3 Kf7 25. g3 Ke6 26. h4 Rc8 27. Kf2 Bf8
28. Nc3 Qa5 29. Nb5 Kd7 30. Nc3 Ke6 31. Bd2 Bg7 32. Ne2 Qa6 33. Be3 Bf6 34. Rb8
Bd8 35. Nc3 Bc7 36. Rxc8 Qxc8 37. Nb5 Qb7 38. Nxc7+ Qxc7 39. Bd2 h5 40. Qb4 Kd7
41. Ke3 1/2-1/2

[Event "SWE-chB"]
[Site "Sunne"]
[Date "2015.07.13"]
[Round "3"]
[White "Ziegler, Ari"]
[Black "Lind, Jan Olov"]
[Result "1-0"]
[WhiteElo "2289"]
[BlackElo "2249"]
[PlyCount "69"]
[EventDate "2015.07.11"]
[EventType "tourn"]
[EventRounds "9"]
[EventCountry "SWE"]
[EventCategory "3"]
[SourceTitle "CBM 167 Extra"]
[Source "ChessBase"]
[SourceDate "2015.09.14"]
[SourceVersion "1"]
[SourceVersionDate "2015.09.14"]
[SourceQuality "1"]
1. e4 c5 2. Nf3 e6 3. d4 cxd4 4. Nxd4 a6 5. c4 Nf6 6. Nc3 d6 7. Be3 Be7 8. Bd3
b6 9. O-O Bb7 10. f4 Nbd7 11. f5 e5 12. Nb3 Nc5 13. Nxc5 dxc5 14. Nd5 O-O 15.
Qe2 h6 16. Rf3 Bxd5 17. cxd5 Ng4 18. Bd2 c4 19. Bxc4 Bc5+ 20. Kh1 Qh4 21. g3
Qh5 22. Raf1 Rfc8 23. Bb3 Bd4 24. Qg2 Nf6 25. Bd1 Nxe4 26. Rf4 Nxg3+ 27. Qxg3
exf4 28. Qxf4 Qh3 29. Rf3 Qxf3+ 30. Bxf3 Bxb2 31. d6 Rab8 32. d7 Rd8 33. Bc6
Bf6 34. Qd6 Kh7 35. Bf4 1-0

[Event "SWE-chB"]
[Site "Sunne"]
[Date "2015.07.12"]
[Round "2"]
[White "Olund, Joar"]
[Black "Wiedenkeller, Michael"]
[Result "1/2-1/2"]
[WhiteElo "2328"]
[BlackElo "2461"]
[PlyCount "36"]
[EventDate "2015.07.11"]
[EventType "tourn"]
[EventRounds "9"]
[EventCountry "SWE"]
[EventCategory "3"]
[SourceTitle "CBM 167 Extra"]
[Source "ChessBase"]
[SourceDate "2015.09.14"]
[SourceVersion "1"]
[SourceVersionDate "2015.09.14"]
[SourceQuality "1"]
1. d4 d5 2. Bg5 h6 3. Bh4 c6 4. Nf3 Qb6 5. Qc1 Nf6 6. e3 Ne4 7. c4 Bf5 8. Nc3
e6 9. Nxe4 Bxe4 10. Nd2 Qa5 11. a3 dxc4 12. Qxc4 Na6 13. f3 Bg6 14. Rd1 Bd6 15.
Bd3 Bxd3 16. Qxd3 Qh5 17. Bf2 O-O 18. Ne4 Bc7 1/2-1/2

[Event "SWE-chB"]
[Site "Sunne"]
[Date "2015.07.12"]
[Round "2"]
[White "Lind, Jan Olov"]
[Black "Lundin, Jan"]
[Result "1/2-1/2"]
[WhiteElo "2249"]
[BlackElo "2245"]
[PlyCount "130"]
[EventDate "2015.07.11"]
[EventType "tourn"]
[EventRounds "9"]
[EventCountry "SWE"]
[EventCategory "3"]
[SourceTitle "CBM 167 Extra"]
[Source "ChessBase"]
[SourceDate "2015.09.14"]
[SourceVersion "1"]
[SourceVersionDate "2015.09.14"]
[SourceQuality "1"]
1. e4 c6 2. d4 d5 3. exd5 cxd5 4. c4 Nf6 5. Nc3 Nc6 6. Bg5 dxc4 7. d5 Ne5 8.
Qd4 h6 9. Bd2 Nd3+ 10. Bxd3 cxd3 11. Nf3 e6 12. dxe6 Bxe6 13. Qa4+ Nd7 14. Qb5
a6 15. Qxd3 Nc5 16. Qxd8+ Rxd8 17. O-O Nd3 18. b3 Be7 19. Nd1 O-O 20. Bc3 Rc8
21. Ne1 Nf4 22. Be5 Ne2+ 23. Kh1 Rfd8 24. Ne3 f6 25. Bg3 Nd4 26. Rd1 a5 27. Nf3
Nxf3 28. gxf3 a4 29. Rxd8+ Rxd8 30. bxa4 Bxa2 31. Bc7 Rd2 32. Bb6 Rb2 33. a5
Kf7 34. Kg2 Rb1 35. Rxb1 Bxb1 36. Nd5 Bd6 37. h3 Bd3 38. Bc7 Bxc7 39. Nxc7 Bc4
40. Na8 Ke7 41. Nb6 Be6 42. Na4 Kd6 43. Nc3 f5 44. Kg3 Kc5 45. Kf4 Kb4 46. Ke5
Kxc3 47. Kxe6 Kb4 48. Kxf5 Kxa5 49. Kg6 b5 50. Kxg7 b4 51. f4 b3 52. f5 b2 53.
f6 b1=Q 54. f7 Qb2+ 55. Kg8 Qb3 56. Kg7 Qc3+ 57. Kg8 Qc4 58. f4 Qb3 59. f5 Qg3+
60. Kh7 Qd6 61. Kg8 Qg3+ 62. Kh7 Qb8 63. Kg7 Qe5+ 64. Kg8 Qd5 65. Kg7 Qe5+
1/2-1/2

[Event "SWE-chB"]
[Site "Sunne"]
[Date "2015.07.12"]
[Round "2"]
[White "Lindgren, Philip"]
[Black "Ziegler, Ari"]
[Result "0-1"]
[WhiteElo "2413"]
[BlackElo "2289"]
[PlyCount "122"]
[EventDate "2015.07.11"]
[EventType "tourn"]
[EventRounds "9"]
[EventCountry "SWE"]
[EventCategory "3"]
[SourceTitle "CBM 167 Extra"]
[Source "ChessBase"]
[SourceDate "2015.09.14"]
[SourceVersion "1"]
[SourceVersionDate "2015.09.14"]
[SourceQuality "1"]
1. d4 Nf6 2. c4 g6 3. Nf3 Bg7 4. Nc3 O-O 5. Bg5 c5 6. d5 d6 7. e3 h6 8. Bh4 b5
9. cxb5 a6 10. Nd2 Nbd7 11. bxa6 Nb6 12. e4 Bxa6 13. Bxa6 Rxa6 14. O-O Qa8 15.
a4 c4 16. f4 Rc8 17. Bf2 Nfd7 18. Qg4 Nf6 19. Qh3 h5 20. f5 Ng4 21. fxg6 fxg6
22. Nf3 Rf8 23. Bh4 Nxa4 24. Nxa4 Rxa4 25. Rab1 Ra2 26. Qg3 Rxb2 27. h3 Rxb1
28. Rxb1 Be5 29. Qe1 Rxf3 30. gxf3 Nh2 31. Qe2 Qf8 32. Kg2 Qf4 33. Qf2 Nxf3 34.
Rb8+ Kh7 35. Bg3 Qxg3+ 36. Qxg3 Bxg3 37. Kxf3 Be5 38. Rb7 Bf6 39. e5 Bxe5 40.
Rxe7+ Kg8 41. Ke4 c3 42. Rc7 Kf8 43. Kd3 Kg8 44. Ke4 Kf8 45. Kd3 g5 46. Rh7 Kg8
47. Rc7 g4 48. hxg4 hxg4 49. Ke4 Kf8 50. Ke3 Ke8 51. Rc4 g3 52. Kf3 Kf7 53. Rc8
Ke7 54. Rc7+ Kf6 55. Rc8 Bd4 56. Kxg3 Bc5 57. Rf8+ Ke5 58. Rf1 Ke4 59. Re1+ Be3
60. Re2 Kd3 61. Kf3 Bd2 0-1

[Event "SWE-chB"]
[Site "Sunne"]
[Date "2015.07.12"]
[Round "2"]
[White "Arman, Deniz"]
[Black "Rydstrom, Tom"]
[Result "0-1"]
[WhiteElo "2306"]
[BlackElo "2346"]
[PlyCount "74"]
[EventDate "2015.07.11"]
[EventType "tourn"]
[EventRounds "9"]
[EventCountry "SWE"]
[EventCategory "3"]
[SourceTitle "CBM 167 Extra"]
[Source "ChessBase"]
[SourceDate "2015.09.14"]
[SourceVersion "1"]
[SourceVersionDate "2015.09.14"]
[SourceQuality "1"]
1. e4 e5 2. Nf3 Nc6 3. Bb5 a6 4. Ba4 Nf6 5. O-O Be7 6. Re1 b5 7. Bb3 d6 8. c3
O-O 9. h3 Na5 10. Bc2 c5 11. d4 Qc7 12. Nbd2 Bd7 13. Nf1 cxd4 14. cxd4 Rac8 15.
Ne3 Rfe8 16. Bd2 Bd8 17. Rc1 Qb8 18. dxe5 dxe5 19. b3 Nb7 20. Bb1 Rxc1 21. Bxc1
Bc6 22. Nf5 Nc5 23. Ng3 Ba5 24. Re3 Ne6 25. Bb2 Nf4 26. Kh2 Bb6 27. Rc3 Bb7 28.
Qf1 Qa8 29. Rc1 Nxe4 30. Nxe4 Bxe4 31. Bxe4 Qxe4 32. Re1 Qf5 33. Rxe5 Rxe5 34.
Bxe5 Nxh3 35. Qc1 Nxf2 36. Qc6 Ng4+ 37. Kg3 Bf2+ 0-1

[Event "SWE-chB"]
[Site "Sunne"]
[Date "2015.07.12"]
[Round "2"]
[White "Frisk, Ellinor"]
[Black "Andersson, Tommy"]
[Result "0-1"]
[WhiteElo "2232"]
[BlackElo "2387"]
[PlyCount "76"]
[EventDate "2015.07.11"]
[EventType "tourn"]
[EventRounds "9"]
[EventCountry "SWE"]
[EventCategory "3"]
[SourceTitle "CBM 167 Extra"]
[Source "ChessBase"]
[SourceDate "2015.09.14"]
[SourceVersion "1"]
[SourceVersionDate "2015.09.14"]
[SourceQuality "1"]
1. d4 Nf6 2. c4 e6 3. Nc3 d5 4. cxd5 exd5 5. Bg5 c6 6. Qc2 Be7 7. e3 Nbd7 8.
Bd3 Nf8 9. Nge2 Ne6 10. Bh4 g6 11. f3 O-O 12. O-O Ng7 13. h3 Bf5 14. e4 Be6 15.
Rad1 Nfh5 16. Bxe7 Qxe7 17. a3 f5 18. Qd2 f4 19. Rfe1 Qh4 20. Nc1 Rad8 21. Qf2
Qg5 22. Kh2 Qg3+ 23. Kg1 dxe4 24. Bxe4 Qg5 25. Kh2 Nf6 26. Bb1 Nd5 27. Nxd5
Bxd5 28. Ne2 Rfe8 29. Nc3 Re3 30. Ne4 Bxe4 31. Bxe4 Ne6 32. h4 Qf6 33. Rxe3
fxe3 34. Qxe3 Nxd4 35. g3 Kg7 36. Kg2 Nf5 37. Qe2 Rxd1 38. Bxf5 Qd6 0-1

[Event "SWE-chB"]
[Site "Sunne"]
[Date "2015.07.11"]
[Round "1"]
[White "Andersson, Tommy"]
[Black "Olund, Joar"]
[Result "1-0"]
[WhiteElo "2387"]
[BlackElo "2328"]
[PlyCount "91"]
[EventDate "2015.07.11"]
[EventType "tourn"]
[EventRounds "9"]
[EventCountry "SWE"]
[EventCategory "3"]
[SourceTitle "CBM 167 Extra"]
[Source "ChessBase"]
[SourceDate "2015.09.14"]
[SourceVersion "1"]
[SourceVersionDate "2015.09.14"]
[SourceQuality "1"]
1. d4 g6 2. c4 Bg7 3. Nc3 d6 4. e4 e5 5. d5 f5 6. exf5 gxf5 7. Qh5+ Kf8 8. Bd3
Nf6 9. Qe2 Na6 10. Bd2 c6 11. Nh3 h6 12. f3 cxd5 13. Nxd5 Nxd5 14. cxd5 Nc7 15.
O-O Nxd5 16. Kh1 Ne7 17. Bc4 d5 18. Bb3 Qd6 19. Rfe1 Be6 20. Bc3 Nc6 21. Rad1
Re8 22. Qb5 d4 23. Bxe6 Rxe6 24. Qb3 Kf7 25. a3 Rd8 26. Qc2 Rf6 27. Bd2 Kg8 28.
b4 Ne7 29. Nf2 Rc8 30. Qb3+ Qe6 31. Qb2 Qd5 32. Nd3 Ng6 33. b5 Re6 34. Qb1 e4
35. Nb4 Qe5 36. Nd3 Qd6 37. Qb3 Kh7 38. Bb4 Qd7 39. Nc5 Rxc5 40. Bxc5 b6 41.
Bxd4 Nf4 42. Bxg7 Qxg7 43. g3 Qb7 44. gxf4 exf3 45. Rd7+ Kh8 46. Qc3+ 1-0

[Event "SWE-chB"]
[Site "Sunne"]
[Date "2015.07.11"]
[Round "1"]
[White "Rydstrom, Tom"]
[Black "Frisk, Ellinor"]
[Result "1-0"]
[WhiteElo "2346"]
[BlackElo "2232"]
[PlyCount "125"]
[EventDate "2015.07.11"]
[EventType "tourn"]
[EventRounds "9"]
[EventCountry "SWE"]
[EventCategory "3"]
[SourceTitle "CBM 167 Extra"]
[Source "ChessBase"]
[SourceDate "2015.09.14"]
[SourceVersion "1"]
[SourceVersionDate "2015.09.14"]
[SourceQuality "1"]
1. e4 c5 2. Nf3 Nc6 3. d4 cxd4 4. Nxd4 g6 5. Be3 Bg7 6. Nc3 Nf6 7. Be2 O-O 8.
Nb3 d6 9. Qd2 Be6 10. O-O-O a6 11. h4 b5 12. f3 Rc8 13. Kb1 Ne5 14. h5 Nc4 15.
Bxc4 Bxc4 16. Bh6 Bxh6 17. Qxh6 Qc7 18. Rd2 e6 19. Qg5 Ne8 20. Nd4 b4 21. Nd1
Qc5 22. Qh6 Rc7 23. hxg6 fxg6 24. Ne3 e5 25. Nb3 Bxb3 26. axb3 Nf6 27. Nc4 Rc6
28. Rd5 Qf2 29. Rd2 Qc5 30. Rd5 Qf2 31. Qh3 Kg7 32. Rxd6 Rxd6 33. Nxd6 Qd4 34.
Qe6 a5 35. Qe7+ Kg8 36. Nc4 a4 37. Qxe5 Qf2 38. Qe6+ Kg7 39. e5 Nh5 40. Qd7+
Rf7 41. Qd2 Qxd2 42. Nxd2 axb3 43. Nxb3 Nf4 44. Nd4 Nxg2 45. Rd1 h5 46. e6 Re7
47. Rg1 Nh4 48. Rh1 Ng2 49. Ka2 Nf4 50. Kb3 Nxe6 51. Nxe6+ Rxe6 52. Kxb4 Re2
53. Kc3 Re3+ 54. Kd4 Rxf3 55. b4 Rf8 56. c4 Rh8 57. c5 Kf6 58. c6 h4 59. b5 g5
60. c7 Ke6 61. b6 Kd7 62. Rc1 Rc8 63. Rc5 1-0

[Event "SWE-chB"]
[Site "Sunne"]
[Date "2015.07.11"]
[Round "1"]
[White "Lundin, Jan"]
[Black "Ziegler, Ari"]
[Result "1/2-1/2"]
[WhiteElo "2245"]
[BlackElo "2289"]
[PlyCount "155"]
[EventDate "2015.07.11"]
[EventType "tourn"]
[EventRounds "9"]
[EventCountry "SWE"]
[EventCategory "3"]
[SourceTitle "CBM 167 Extra"]
[Source "ChessBase"]
[SourceDate "2015.09.14"]
[SourceVersion "1"]
[SourceVersionDate "2015.09.14"]
[SourceQuality "1"]
1. e4 c5 2. c3 e6 3. d4 d5 4. e5 Nc6 5. Nf3 Bd7 6. Na3 cxd4 7. cxd4 Nge7 8. Nc2
Nf5 9. Bd3 Be7 10. O-O Rc8 11. Bd2 h5 12. Bc3 g5 13. Nd2 b5 14. a3 a5 15. Nb3
a4 16. Nc1 Na5 17. Ne3 Nc4 18. Nxc4 bxc4 19. Bc2 Ra8 20. Ne2 Kf8 21. Ng3 Ng7
22. f4 h4 23. Ne2 g4 24. Nc1 Nf5 25. Qd2 Qb6 26. Na2 Kg7 27. Rae1 Rh6 28. Qd1
Rg8 29. Nb4 Bxb4 30. axb4 Kh8 31. Qd2 Qd8 32. Ra1 Ng3 33. Rfe1 Ne4 34. Rxe4
dxe4 35. Bxe4 Qb6 36. Kh1 Bc6 37. d5 Bxd5 38. Bxd5 exd5 39. e6+ Kh7 40. Qc2+
Rhg6 41. f5 Rh6 42. Rd1 h3 43. f6+ Kh8 44. exf7 Rf8 45. Rxd5 g3 46. hxg3 hxg2+
47. Kxg2 Qe6 48. Rf5 Rxf7 49. Qd2 Qe4+ 50. Rf3 Kh7 51. Qf4 Qe2+ 52. Rf2 Qd3 53.
Qf5+ Qxf5 54. Rxf5 Kg6 55. Rc5 Rh8 56. Rxc4 Ra8 57. Rg4+ Kf5 58. Rf4+ Kg6 59.
Rc4 a3 60. bxa3 Rxa3 61. Kh3 Rb3 62. Kg4 Rd7 63. Be5 Rb7 64. Bc3 Rxc3 65. Rxc3
Rxb4+ 66. Kf3 Kxf6 67. Rc6+ Kg5 68. Rc5+ Kg6 69. Ra5 Rc4 70. Kg2 Rb4 71. Kh3
Rc4 72. Ra6+ Kg5 73. Ra5+ Kg6 74. g4 Rc1 75. Ra6+ Kg5 76. Ra5+ Kg6 77. Ra3 Kg5
78. Ra5+ 1/2-1/2

[Event "SWE-chB"]
[Site "Sunne"]
[Date "2015.07.11"]
[Round "1"]
[White "Wiedenkeller, Michael"]
[Black "Lind, Jan Olov"]
[Result "1/2-1/2"]
[WhiteElo "2461"]
[BlackElo "2249"]
[PlyCount "173"]
[EventDate "2015.07.11"]
[EventType "tourn"]
[EventRounds "9"]
[EventCountry "SWE"]
[EventCategory "3"]
[SourceTitle "CBM 167 Extra"]
[Source "ChessBase"]
[SourceDate "2015.09.14"]
[SourceVersion "1"]
[SourceVersionDate "2015.09.14"]
[SourceQuality "1"]
1. d4 Nf6 2. c4 g6 3. Nc3 Bg7 4. e4 d6 5. Bd3 O-O 6. Nge2 Nc6 7. O-O Nd7 8. Bc2
a6 9. Be3 Rb8 10. a3 e5 11. d5 Ne7 12. Qd2 f5 13. exf5 Nxf5 14. Bg5 Qe8 15.
Rae1 Nb6 16. b3 Kh8 17. a4 Rg8 18. Ng3 Nd4 19. Bd1 Nd7 20. Nce4 b5 21. h4 bxc4
22. bxc4 Rf8 23. h5 Kg8 24. hxg6 hxg6 25. a5 Nb3 26. Qa2 Nbc5 27. Bc2 Qf7 28.
Re3 Nxe4 29. Nxe4 Nc5 30. Nxc5 dxc5 31. Qa3 Rb4 32. Rf3 Qe8 33. Rxf8+ Bxf8 34.
Qc3 Bg7 35. Be4 Bf5 36. Qd3 Qd7 37. Bd2 Rb8 38. Re1 Bxe4 39. Qxe4 Qf5 40. Bc3
Qxe4 41. Rxe4 Rb1+ 42. Re1 Rxe1+ 43. Bxe1 Kf7 44. Bd2 Ke7 45. Kh2 Kd6 46. Kg3
c6 47. dxc6 Bf6 48. Kf3 Kxc6 49. Ke4 Kd6 50. Bc3 Ke6 51. f4 Bd8 52. fxe5 Bg5
53. Be1 Bc1 54. Bf2 Ba3 55. Be3 Bb4 56. g4 Ba3 57. Kf4 Bb4 58. Ke4 Ba3 59. Bh6
Bb4 60. Bf8 Ba3 61. Bd6 Bb4 62. Bc7 Bc3 63. Bb6 Bb4 64. Bc7 Bc3 65. Bd6 Bb4 66.
Bf8 Ba3 67. Bh6 Bb4 68. Be3 Ba3 69. Kf4 Bb4 70. Kg5 Kxe5 71. Kxg6 Ke4 72. Bg1
Kd3 73. Kf5 Bd2 74. Bxc5 Kxc4 75. Bb6 Kb5 76. Bc7 Kc6 77. Bf4 Bxa5 78. g5 Kd7
79. g6 Bc3 80. Bd2 Bb2 81. Bb4 Ba1 82. Kg5 Bg7 83. Kh5 Ke6 84. Bd2 Kf5 85. Be1
Ke6 86. Kg5 Ke7 87. Bb4+ 1/2-1/2

[Event "SWE-chB"]
[Site "Sunne"]
[Date "2015.07.11"]
[Round "1"]
[White "Arman, Deniz"]
[Black "Lindgren, Philip"]
[Result "1/2-1/2"]
[WhiteElo "2306"]
[BlackElo "2413"]
[PlyCount "83"]
[EventDate "2015.07.11"]
[EventType "tourn"]
[EventRounds "9"]
[EventCountry "SWE"]
[EventCategory "3"]
[SourceTitle "CBM 167 Extra"]
[Source "ChessBase"]
[SourceDate "2015.09.14"]
[SourceVersion "1"]
[SourceVersionDate "2015.09.14"]
[SourceQuality "1"]
1. e4 c6 2. d4 d5 3. Nc3 dxe4 4. Nxe4 Bf5 5. Ng3 Bg6 6. h4 h6 7. Nf3 Nd7 8. h5
Bh7 9. Bd3 Bxd3 10. Qxd3 e6 11. Bd2 Ngf6 12. O-O-O Qc7 13. c4 Bd6 14. Ne4 Bf4
15. g3 Bxd2+ 16. Nfxd2 O-O 17. f4 c5 18. dxc5 Nxe4 19. Nxe4 Nxc5 20. Qd6 Rfc8
21. Nc3 Qa5 22. Kb1 Rd8 23. Qe5 Qb4 24. Qe2 Na4 25. Nxa4 Qxa4 26. g4 Qa5 27.
Qe5 Qxe5 28. fxe5 f6 29. exf6 gxf6 30. Kc2 Kf7 31. Kc3 e5 32. b4 Ke6 33. c5
Rxd1 34. Rxd1 Rg8 35. Rg1 a6 36. Rd1 Rxg4 37. Rd6+ Kf5 38. Rd7 Rg3+ 39. Kc4
Rg4+ 40. Kc3 Rg3+ 41. Kc4 Rg4+ 42. Kc3 1/2-1/2